000 00788nam a2200217Ii 4500
003 JO-AjNU
008 230605s9999||||xx |||||||||||||| ||und||
017 _a2007/7/2166
040 _aJO-AjNU
_bara
_erda
_cJO-AjNU
041 _aara
050 1 4 _aLB10448 2007
100 3 _aالسعدي،عيسى إبراهيم,
_eauthor
_922196
245 0 0 _aالإذاعة المدرسية،أهدافها ودورها ونشاطها-المناسبات الهامة-برامج إذاعية-نماذج مختارة
250 _aط1
264 3 1 _aعمان:دار عمار،2007
300 _a264ص
336 _atext
_btxt
_2rdacontent
337 _aunmediated
_bn
_2rdamedia
338 _avolume
_bnc
_2rdacarrier
650 4 _aالإذاعة المدرسية-النشاط المدرسي
_922197
999 _aA7839
_c11407
_d11407